Από ανατολή σε δύση : ταξιδιωτικά κείμενα

Αποθηκεύτηκε σε:
Λεπτομέρειες βιβλιογραφικής εγγραφής
Κύριος συγγραφέας: Καραγάτσης, Μ., 1908-1960
Μορφή: Βιβλίο
Γλώσσα:Greek
Δημοσίευση: Αθήνα : Καστανιώτης, 1991.
Σειρά:Σκέψη, χρόνος και δημιουργοί
Θέματα:
Ετικέτες: Προσθήκη ετικέτας
Δεν υπάρχουν, Καταχωρήστε ετικέτα πρώτοι!

MARC

LEADER 00000cam a2200000 i 4500
001 1/3712
008 100127s1991 gr | ||| |||| ||gre||
020 |a 9600308772 
035 |l 10106473 
040 |a GR-MyUA  |b gre  |e AACR2 
041 0 |a gre 
082 7 |a 889.4   |2 (22) 
100 1 |a Καραγάτσης, Μ.,   |d 1908-1960. 
245 1 0 |a Από ανατολή σε δύση :   |b ταξιδιωτικά κείμενα /   |c Μ. Καραγάτσης.  
260 |a Αθήνα :   |b Καστανιώτης,   |c 1991.  
300 |a 458 σ. ;   |c 21 εκ.  
490 1 |a (Σκέψη, χρόνος, και δημιουργοί) 
650 0 0 |a Greek essays, Modern. 
651 0 |a Europe  |x Description and travel. 
830 0 |a Σκέψη, χρόνος και δημιουργοί 
852 |a INST  |b SAMOS  |e 20100127  |h 889.4 ΚΑΡ  |p 005300030754  |q 005300030754  |t BK  |y 0 
901 |a BIBL3-2010-1 
909 |a Σ  |b 158646 
970 |a ΡΟΥΣΣΟΥ  |b ΚΩΝΣΤΑΝΤΙΝΑ  |z 2010/01/27